| 000 | 01313nam0a2200373 4500 | ||
|---|---|---|---|
| 001 | RU\NLR\bibl\1331071 | ||
| 005 | 20250615163843.0 | ||
| 010 |
_a978-5-9626-0557-9 _92100 |
||
| 021 |
_aRU _b2008-102131 _96008 |
||
| 035 | _a(nilc)EL/0000233907 | ||
| 035 | _aRU\LSL\TAT_B\2216 | ||
| 035 | _aRU\LSL\Books\2530652 | ||
| 035 | _a(NLR Aleph) 001316303 | ||
| 090 |
_a711316 _c711316 |
||
| 100 | _a20081114d2009 |||y0rusy50 ca | ||
| 101 | 0 | _arus | |
| 102 | _aRU | ||
| 105 | _aa ||||||||| | ||
| 200 | 1 |
_aПрогнозирование с помощью карт в бизнесе и жизни _fРашид Валиев |
|
| 210 |
_aМосква _cВершина _d2009 [т.е. 2008] |
||
| 215 |
_a159 с., [15] л. цв. ил. _cил. _d21 |
||
| 300 | _aКн. фактически изд. в 2008 г. | ||
| 606 |
_aГадание на картах _91327172 _3RU\NLR\auth\66236514 |
||
| 686 |
_aЭ391.215 _vLBC/SL _2rubbk |
||
| 686 |
_a21.15.69 _2rugasnti |
||
| 686 | _aЭ391.215 | ||
| 700 | 1 |
_aВалиев _bР. Р. _gРашид Ринатович _4070 |
|
| 801 | 0 |
_aRU _bНБ Казанского ГУ _c20081114 _gRCR |
|
| 801 | 1 |
_aRU _bНБ Казанского ГУ _c20081212 _gRCR |
|
| 801 | 2 |
_aRU _bNLR _c20090219 _grcr |
|
| 942 | _cBOOK | ||
| 980 | _aNB | ||